Ricostruisci la Carriera del Calciatore - Giovanni van Bronckhorst - Statistics

Statistiche generali
  • Questo quiz è stato fatto 4 volte
  • Il punteggio medio è 4 su 7
Statistiche sulle risposte
Hint Risposta % Corretto
1994-1998 Feyenoord
100%
2003-2007 Barcellona
67%
1993-1994 RKC Waalwijk
67%
2001-2003 Arsenal
33%
1992-1993 Feyenoord
33%
2007-2010 Feyenoord
33%
1998-2001 Rangers
33%
Nessun quiz corrispondente trovato
Distribuzione punteggi
Percentuale di utenti per punteggio
Percentile per numero di risposta
I tuoi punteggi nel tempo
Non hai fatto questo quiz